[Event "BLR-ch sf (Women)"]
[Site "Minsk"]
[Date "2023.12.15"]
[Round "9"]
[White "Cheshko, Darya"]
[Black "Shahazizyan, Milena"]
[Result "1/2-1/2"]
[WhiteElo "1232"]
[BlackElo "1467"]
[PlyCount "119"]
[EventDate "2023.12.07"]
[EventType "swiss"]
[EventRounds "9"]
[EventCountry "BLR"]
[SourceTitle "CB51_2023"]
[SourceDate "2023.12.20"]
[SourceVersion "1"]
[SourceVersionDate "2023.12.20"]
[SourceQuality "1"]

1. e4 c5 2. Nf3 e6 3. d4 cxd4 4. Nxd4 Nf6 5. Nc3 d6 6. g4 h6 7. h4 Nc6 8. g5 hxg5 9. Bxg5 Qb6 10. Nb3 a6 11. Bg2 Bd7 12. Qe2 Qc7 13. 0-0-0 0-0-0 14. Be3 Ne5 15. f4 Nc4 16. Bf2 Nh5 17. Qf3 g6 18. Nd2 Nxd2 19. Rxd2 Bh6 20. Be3 Bc6 21. Qf2 d5 22. exd5 exd5 23. Bxd5 Bxf4 24. Rhd1 Rhe8 25. Bxf4 Nxf4 26. Bxc6 bxc6 27. Rf1 Rxd2 28. Qxd2 Ne6 29. Qe2 Kb7 30. Ne4 Rd8 31. Rf3 f5 32. Rb3+ Ka7 33. Qe3+ c5 34. Nd2 Nd4 35. Rd3 f4 36. Qe4 Qb7 37. Qxb7+ Kxb7 38. Nf3 Rh8 39. Nxd4 cxd4 40. Rh3 g5 41. h5 Rh6 42. Kd2 Kc6 43. Ke2 g4 44. Rh4 Kd5 45. Rxg4 Rxh5 46. Rxf4 Rh2+ 47. Rf2 Rh3 48. Rf3 Rh2+ 49. Kd3 Rh5 50. a4 Kc5 51. a5 Rg5 52. Rf6 Rg3+ 53. Ke4 Re3+ 54. Kf4 Kb5 55. c3 Kxa5 56. b4+ Kb5 57. Rf5+ Kc4 58. Rc5+ Kd3 59. cxd4 Re4+ 60. Kf5 1/2-1/2

[Event "BLR-ch sf (Women)"]
[Site "Minsk"]
[Date "2023.12.07"]
[Round "1"]
[White "Shahazizyan, Milena"]
[Black "Grushchenkova, Varvara"]
[Result "1-0"]
[WhiteElo "1467"]
[BlackElo "1147"]
[PlyCount "61"]
[EventDate "2023.12.07"]
[EventType "swiss"]
[EventRounds "9"]
[EventCountry "BLR"]
[SourceTitle "CB51_2023"]
[SourceDate "2023.12.20"]
[SourceVersion "1"]
[SourceVersionDate "2023.12.20"]
[SourceQuality "1"]

1. d4 d5 2. c4 c6 3. cxd5 cxd5 4. Bf4 Nc6 5. Nc3 a6 6. e3 Nf6 7. Bd3 Bg4 8. Nge2 e6 9. f3 Bh5 10. 0-0 Be7 11. Rc1 0-0 12. Na4 Rc8 13. Qb3 b5 14. Nc5 Bxc5 15. Rxc5 Qb6 16. Rfc1 Na7 17. Bc7 Qb7 18. a4 Nd7 19. R5c2 Bg6 20. Nf4 Bxd3 21. Nxd3 Rfe8 22. a5 h6 23. Qb4 Nb8 24. Qd6 Qa8 25. Nb4 e5 26. dxe5 Re6 27. Qxd5 Qxd5 28. Nxd5 Ree8 29. Bxb8 Rxb8 30. Rc7 Ra8 31. Nb6 1-0

[Event "BLR-ch (Women)"]
[Site "Minsk"]
[Date "2023.01.17"]
[Round "9"]
[White "Zeliantsova, Kseniya"]
[Black "Shahazizyan, Milena"]
[Result "1-0"]
[WhiteElo "2068"]
[BlackElo "1494"]
[PlyCount "65"]
[EventDate "2023.01.09"]
[EventType "tourn"]
[EventRounds "9"]
[EventCountry "BLR"]
[SourceTitle "CBM 212 Extra"]
[Source "ChessBase"]
[SourceDate "2023.03.31"]
[SourceVersion "1"]
[SourceVersionDate "2023.03.31"]
[SourceQuality "1"]

1. e4 c5 2. Nf3 e6 3. Nc3 Nc6 4. g3 d5 5. exd5 exd5 6. d4 Nf6 7. Bg2 Bg4 8. Be3 cxd4 9. Bxd4 Qe7+ 10. Kf1 0-0-0 11. h3 Bxf3 12. Bxf3 Nxd4 13. Qxd4 Qc5 14. Rd1 Qxd4 15. Rxd4 Bc5 16. Rd3 d4 17. Ne2 h5 18. c3 Nd7 19. cxd4 Ne5 20. Bxb7+ Kxb7 21. Rb3+ Kc6 22. Rc3 Rxd4 23. Nxd4+ Kd5 24. Nf3 Nxf3 25. Rxf3 Rb8 26. b3 Ke6 27. Kg2 Bb4 28. Rc1 a5 29. Rc6+ Kd7 30. Ra6 Rf8 31. a3 Bxa3 32. Rxa5 Bd6 33. Rxh5 1-0

[Event "BLR-ch (Women)"]
[Site "Minsk"]
[Date "2023.01.09"]
[Round "1"]
[White "Shahazizyan, Milena"]
[Black "Shaban, Aliaksandra"]
[Result "1/2-1/2"]
[WhiteElo "1494"]
[BlackElo "1766"]
[PlyCount "104"]
[EventDate "2023.01.09"]
[EventType "tourn"]
[EventRounds "9"]
[EventCountry "BLR"]
[SourceTitle "CBM 212 Extra"]
[Source "ChessBase"]
[SourceDate "2023.03.31"]
[SourceVersion "1"]
[SourceVersionDate "2023.03.31"]
[SourceQuality "1"]

1. d4 d5 2. c4 c6 3. cxd5 cxd5 4. Bf4 Nc6 5. e3 Nf6 6. Nc3 a6 7. Bd3 Bg4 8. Nge2 e6 9. 0-0 Be7 10. Rc1 0-0 11. Na4 Rc8 12. f3 Bh5 13. Qb3 b5 14. Nc5 Bxc5 15. Rxc5 Nd7 16. Rc3 Nb6 17. Qc2 Nb4 18. Bxh7+ Kh8 19. Qb3 Qe7 20. Rc5 Kxh7 21. Qxb4 Qb7 22. Rfc1 Bg6 23. Rc7 Qa8 24. b3 Bd3 25. Ng3 Rxc7 26. Rxc7 Rc8 27. Qc3 Bg6 28. Qc5 Rxc7 29. Qxc7 Qc8 30. e4 Qxc7 31. Bxc7 Nd7 32. Kf2 dxe4 33. fxe4 Nf6 34. Kf3 Ne8 35. Bb6 Kg8 36. Bc5 f6 37. d5 exd5 38. exd5 Kf7 39. Ne2 Bf5 40. Nd4 Bd7 41. Ke4 Nc7 42. Bb6 Ne8 43. Bc5 Nc7 44. h4 g6 45. b4 Bc8 46. a3 Bb7 47. Nc6 Ke8 48. Bd4 Nxd5 49. Kxd5 Kd7 50. Bxf6 Bxc6+ 51. Kc5 Bxg2 52. Kb6 Bf1 1/2-1/2

[Event "BLR-ch U20 Girls"]
[Site "Minsk"]
[Date "2022.04.22"]
[Round "11"]
[White "Shahazizyan, Milena"]
[Black "Tarasenka, Aliaksandra"]
[Result "0-1"]
[WhiteElo "1464"]
[BlackElo "2047"]
[PlyCount "60"]
[EventDate "2022.04.13"]
[EventType "tourn"]
[EventRounds "11"]
[EventCountry "BLR"]
[SourceTitle "CBM 208 Extra"]
[Source "ChessBase"]
[SourceDate "2022.07.31"]
[SourceVersion "1"]
[SourceVersionDate "2022.07.31"]
[SourceQuality "1"]

1. d4 Nf6 2. c4 e6 3. Nc3 c5 4. d5 exd5 5. cxd5 d6 6. g3 g6 7. Bg2 Bg7 8. Nf3 0-0 9. 0-0 Re8 10. Nd2 Nbd7 11. h3 a6 12. a4 Rb8 13. Nc4 Ne5 14. Na3 b5 15. axb5 axb5 16. Naxb5 Qb6 17. Na3 Ba6 18. Rb1 Nfd7 19. Be3 Qb3 20. Ne4 Qxd1 21. Rfxd1 Rb6 22. Rd2 Reb8 23. Rc2 f5 24. Nd2 Bxe2 25. Bf1 Bd3 26. Bxd3 Nxd3 27. Ndc4 Rb3 28. Bf4 Nxf4 29. gxf4 Nf6 30. Kg2 Nxd5 0-1

[Event "Minsk ODM Team Cup U16"]
[Site "Minsk"]
[Date "2021.??.??"]
[Round "5.5"]
[White "Shahazizyan, Milena"]
[Black "Norman, Kseniya"]
[Result "0-1"]
[WhiteElo "1474"]
[BlackElo "1915"]
[PlyCount "70"]
[EventDate "2021.03.01"]
[EventType "team-tourn"]
[EventRounds "7"]
[EventCountry "BLR"]
[SourceTitle "EXT 2022"]
[Source "ChessBase"]
[SourceDate "2021.10.06"]
[SourceVersion "1"]
[SourceVersionDate "2021.10.06"]
[SourceQuality "1"]
[WhiteTeam "Minsk"]
[BlackTeam "Grodnensk Region"]
[WhiteTeamCountry "BLR"]
[BlackTeamCountry "BLR"]

1. d4 Nf6 2. c4 g6 3. Nc3 Bg7 4. g3 0-0 5. Bg2 d6 6. Nf3 c5 7. 0-0 Nc6 8. d5 Na5 9. Nd2 Nd7 10. Qc2 Ne5 11. b3 f5 12. Bb2 f4 13. Nce4 Rb8 14. Nf3 Nxf3+ 15. Bxf3 Bxb2 16. Qxb2 b5 17. cxb5 Rxb5 18. Qc1 Rb4 19. h4 c4 20. bxc4 Rxc4 21. Qd2 Bf5 22. Ng5 fxg3 23. fxg3 Qb6+ 24. Kh2 Rc2 25. Qe1 Nc4 26. Rb1 Qe3 27. Rb3 Qe5 28. Rg1 Nd2 29. Kh1 Nxb3 30. axb3 h6 31. Ne6 Bxe6 32. dxe6 Qxe6 33. g4 Qe3 34. Qd1 Rd2 35. Bd5+ Kh7 0-1

[Event "EU-ch U12 Girls"]
[Site "Bratislava"]
[Date "2019.08.07"]
[Round "6"]
[White "Shahazizyan, Milena"]
[Black "Bargan, Victoria"]
[Result "1-0"]
[WhiteElo "1201"]
[BlackElo "1574"]
[PlyCount "69"]
[EventDate "2019.08.02"]
[EventType "swiss"]
[EventRounds "9"]
[EventCountry "SVK"]
[SourceTitle "EXT 2020"]
[Source "ChessBase"]
[SourceDate "2019.10.17"]
[SourceVersion "1"]
[SourceVersionDate "2019.10.17"]
[SourceQuality "1"]

1. d4 d5 2. c4 c6 3. cxd5 cxd5 4. Nf3 Nc6 5. Nc3 Nf6 6. Bf4 Bf5 7. e3 e6 8. Bb5 Be7 9. Ne5 Qb6 10. Qb3 Rc8 11. 0-0 0-0 12. Na4 Qa5 13. Bxc6 bxc6 14. Rfc1 c5 15. dxc5 Bxc5 16. Rc3 Ne4 17. Rcc1 Rfd8 18. Nxc5 Nxc5 19. Qc3 Qxc3 20. Rxc3 f6 21. Nf3 e5 22. Bg3 Ne4 23. Ra3 Nxg3 24. hxg3 Rc2 25. Rxa7 Rxb2 26. Rd1 Be6 27. a4 Ra2 28. a5 Rb8 29. Rc1 h6 30. Rcc7 Rb1+ 31. Kh2 Rba1 32. Rxg7+ Kh8 33. g4 Rxa5 34. Rae7 R1a4 35. Nh4 1-0

[Event "EU-ch U12 Girls"]
[Site "Bratislava"]
[Date "2019.08.04"]
[Round "3"]
[White "Putinceva, Marina"]
[Black "Shahazizyan, Milena"]
[Result "1/2-1/2"]
[WhiteElo "1476"]
[BlackElo "1201"]
[PlyCount "90"]
[EventDate "2019.08.02"]
[EventType "swiss"]
[EventRounds "9"]
[EventCountry "SVK"]
[SourceTitle "EXT 2020"]
[Source "ChessBase"]
[SourceDate "2019.10.17"]
[SourceVersion "1"]
[SourceVersionDate "2019.10.17"]
[SourceQuality "1"]

1. e4 c5 2. Nf3 Nc6 3. d4 cxd4 4. Nxd4 Qc7 5. Nxc6 bxc6 6. Be3 Nf6 7. Bd3 e6 8. Nd2 Be7 9. 0-0 0-0 10. f4 d5 11. e5 Ne4 12. Nxe4 dxe4 13. Bxe4 g6 14. Qf3 Rb8 15. b3 c5 16. Bd3 Bb7 17. Be4 Rfc8 18. Bxb7 Rxb7 19. Rfd1 c4 20. Qf2 Qa5 21. h3 Ba3 22. Bd2 c3 23. Bc1 Bb2 24. Bxb2 cxb2 25. Rab1 Qxa2 26. Qd4 Rxc2 27. Qd8+ Kg7 28. Qf6+ Kh6 29. Qh4+ Kg7 30. Qf6+ Kh6 31. Qg5+ Kg7 32. Qf6+ Kh6 33. Qg5+ Kg7 34. Qf6+ Kh6 35. Qh4+ Kg7 36. Qf6+ Kh6 37. Qh4+ Kg7 38. Qf6+ Kh6 39. f5 exf5 40. Qh4+ Kg7 41. Qf6+ Kh6 42. Qh4+ Kg7 43. Qf6+ Kh6 44. Qh4+ Kg7 45. Qf6+ Kh6 1/2-1/2